Elsevier dictionnaire de cinéma, son et musique

Gardado en:
Detalles Bibliográficos
Formato: Libro
Idioma:Undetermined
Publicado: Amsterdam, Netherland Elsevier 1956
Những chủ đề:
Các nhãn: Engadir etiqueta
Sen Etiquetas, Sexa o primeiro en etiquetar este rexistro!
Thư viện lưu trữ: Trung tâm Học liệu Trường Đại học Cần Thơ
LEADER 00461nam a2200157Ia 4500
001 CTU_26679
008 210402s9999 xx 000 0 und d
082 |a 791.403 
082 |b E49 
245 0 |a Elsevier dictionnaire de cinéma, son et musique 
260 |a Amsterdam, Netherland 
260 |b Elsevier 
260 |c 1956 
650 |a motion pictures - encyclopedias,music 
904 |i Minh, 981017 
980 |a Trung tâm Học liệu Trường Đại học Cần Thơ